[Event "Centrocoop June op-B"]
[Site "Eforie Nord"]
[Date "1998.??.??"]
[Round "?"]
[White "Angheluta, C."]
[Black "Herscovici, M."]
[Result "1-0"]
[WhiteElo "1800"]
[BlackElo "1795"]

1.c4 c6 2.e4 d5 3.exd5 cxd5 4.cxd5 Nf6 5.Bc4 Nxd5 6.Qf3 e6 7.Nc3 Nb6 8.Bb5+ N8d7
9.d4 a6 10.Bd3 Nf6 11.Nge2 Nbd5 12.O-O Bd7 13.Nxd5 Nxd5 14.Nc3 Bc6 15.Bd2 Bb4  1-0

[Event "FIN-ch"]
[Site "FIN"]
[Date "1998.??.??"]
[Round "10"]
[White "Valkesalmi, Kimmo"]
[Black "Agopov, Mikael"]
[Result "1/2-1/2"]
[WhiteElo "2375"]
[BlackElo "2330"]

1.c4 c6 2.b3 d5 3.Bb2 Nf6 4.Nf3 Bf5 5.g3 e6 6.Bg2 Bd6 7.O-O Nbd7 8.d3 Qe7
9.Nc3 Bg6 10.Nh4 O-O 11.Nxg6 hxg6 12.e3 Rab8 13.d4 b5 14.cxb5 cxb5 15.Qd3 a6
16.Rfc1 Rfc8 17.Ne2 Nb6 18.Rxc8+ Rxc8 19.Rc1 Rxc1+ 20.Nxc1 Ba3 21.Bxa3 Qxa3
22.Qc2 Ne4 23.f3 Nd6 24.g4 Nd7 25.Nd3 Nf8 26.Bf1 Ne8 27.g5 Qe7 28.h4 Qd6
29.Kg2 Nd7 30.Qc8 Kf8 31.f4 Ke7 32.Be2 Nc7 33.Kf2 a5 34.Qb7 f6 35.Qa7 Qb6
36.Qxb6 Nxb6 37.Nc5 b4 38.Bd3 f5 39.Ke2 Ne8 40.Nb7 a4 41.Bb5 axb3 42.axb3 Nc7
43.Bc6 Na6 44.Na5 Nb8 45.Bb5 Nc8 46.Nb7 Na7 47.Ba4 Nac6 48.Kd2 Nd8 49.Nc5 Ndc6
50.Bb5 Kd6 51.Nd3 Kc7 52.Ne1 Kd6 53.Be2 Ne7 54.Bb5 Nec6 55.Nd3 Kc7 56.Nf2 Kd6
57.Nh1 Ke7 58.Ng3 Kf7 59.Be2 Na5 60.Kc2 Nac6 61.Nh1 Ke7 62.Nf2 Kd7 63.Nd3 Kd6
64.Kd2 Ke7 65.Ne1 Kd6 66.Nf3 Ke7 67.Bb5 Kd8 68.Kc2 Kc7 69.Be2 Kd7 70.Ne1 Ke7
71.Nd3 Kd6 72.Kd2 Ke7 73.Ke1 Kd6 74.Kf2 Ke7 75.Kg3 Kf7 76.Nc5 Na5 77.Kf2 Ke7
78.Ke1 Nac6 79.Kd2 Kd6 80.Na4 Na5 81.Kc2 Nac6 82.Nb2 Ke7 83.Nd3 Kd6 84.Kd2 Ke7
85.h5 gxh5 86.Bxh5 Na6 87.Ne1 Na5 88.Be2 Nb8 89.Kc2 Nac6 90.Nf3 Kd6 91.Nh4 Ne7
92.Bh5 Kd7 93.Bf7 Nbc6 94.Nf3 Nc8 95.Ne1 Nd6 96.Bh5 Nb7 97.Be2 Nbd8 98.Bb5 Ke7
99.Nd3 Kd6 100.Kd2 Kc7 101.Ba4 Kd6 102.Ke2 Ke7 103.Kf3 Kf7 104.Kg3 Ke7 105.Kh4 g6
106.Kg3 Kd6 107.Kf3 Kc7 108.Ke2 Kd6 109.Ne1 Kc7 110.Nf3 Nf7 111.Nh4 Nh8 112.Bb5 Kb6
113.Bd3 Kc7 114.Kd2 Kd6 115.Be2 Kc7 116.Nf3 Nf7 117.Ne1 Kd6 118.Nd3 Nfd8
119.Ke1 Kc7 120.Kf2 Kd6 121.Kg3 Ke7 122.Nc5 Kf7 123.Ba6 Ke7 124.Bc8 Na5 125.Ba6 Nac6
126.Bb5 Na5 127.Nd3 Nac6 128.Ne1 Kd6 129.Nf3 Nf7 130.Ne1 Nfd8 131.Kh4 Kc7
132.Be2 Kd6 133.Nd3 Ke7 134.Nc5 Na5 135.Kg3 Nac6 136.Kf2 Kd6 137.Bb5 Ke7
138.Ke2 Na5 139.Ba4 Nac6 140.Kd3 Na5 141.Nd7 Nac6 142.Nf6 Na5 143.Be8 Nf7
144.Kc2 Nh8 145.Bb5 Nf7 146.Ng8+ Kf8 147.Nf6 Ke7 148.Ba4 Nd8 149.Kd3 Nac6
150.Ke2 Na5 151.Kf2 Nac6 152.Kg3 Na5 153.Ng8+ Kf8 154.Nf6 Ke7 155.Kf3 Nf7
156.Ke2 Nd6 157.Kd3 Kd8 158.Nd7 Nxb3 159.Ne5 Nc1+ 160.Kd2 Na2 161.Nxg6 Nc3
162.Bb3 Nc4+ 163.Kd3 Nb2+ 164.Kd2 Nc4+ 165.Ke1 Nxe3 166.Ne5 Ng2+ 167.Kf2 Nxf4
168.g6 Ne4+ 169.Ke3 Nh5 170.Nc6+ Ke8 171.Bd1 Nhf6 172.Nxb4 Kf8 173.Nd3 Ng4+
174.Bxg4 fxg4 175.Nf4 g3 176.Kf3 Kg7 177.Kg4 Kf6 178.Kh5 Kg7 179.Nxe6+ Kf6
180.Nf4 Kg7 181.Kg4 Nd6 182.Kxg3 Nf5+ 183.Kg4 Nxd4 184.Nxd5 Kxg6  1/2-1/2

[Event "FRA-chJM5"]
[Site "FRA"]
[Date "1998.??.??"]
[Round "4"]
[White "Stroppa, Daniel"]
[Black "Midoux, Sebastien"]
[Result "1-0"]
[WhiteElo "2160"]
[BlackElo "2225"]

1.c4 c6 2.d4 d5 3.cxd5 cxd5 4.Nf3 Nf6 5.Bf4 Nc6 6.Nc3 Ne4 7.e3 Nxc3 8.bxc3 g6
9.Be2 Bg7 10.O-O O-O 11.h3 Na5 12.Nd2 Be6 13.Qa4 Bd7 14.Qb4 b6 15.c4 dxc4
16.Nxc4 Nxc4 17.Bxc4 Bc6 18.Rac1 Bd5 19.a4 Bxc4 20.Rxc4 Qd5 21.Qb5 Rad8 22.Rc7 e5
23.dxe5 Qxb5 24.axb5 Rfe8 25.Ra1 Bxe5 26.Bxe5 Rxe5 27.Raxa7 Rd1+ 28.Kh2 Rf5
29.f4 Rb1 30.g4 Rf6 31.Rc6 Re6 32.Rxe6 fxe6 33.Re7 Rxb5 34.Rxe6 Rb2+ 35.Kg3 b5
36.Rb6 b4 37.Kh4 Re2 38.Rxb4 Rxe3 39.Rb7 h6 40.f5 gxf5 41.gxf5 Ra3 42.Kg4 Ra5
43.h4 Rc5 44.Re7 Ra5 45.f6 Rb5 46.Kf4 Rh5 47.Rg7+ Kh8 48.Rg4 Ra5 49.f7 Ra4+
50.Kf5 Ra5+ 51.Kg6 Ra6+ 52.Kh5 Ra8 53.Kxh6 Ra6+ 54.Kh5 Ra8 55.Rg5 Rb8 56.Kg6 Rb6+
57.Kf5 Rb5+ 58.Ke6 Rb6+ 59.Ke7 Rb7+ 60.Ke6 Rb6+ 61.Ke5 Rb5+ 62.Kd6 Rb8 63.h5 Ra8
64.h6 Ra6+ 65.Kc5 Ra8 66.Re5  1-0

[Event "Frome op"]
[Site "Frome"]
[Date "1998.??.??"]
[Round "5"]
[White "Lewis, Andrew P"]
[Black "Smith, Andrew Philip"]
[Result "0-1"]
[WhiteElo "2290"]
[BlackElo "2280"]

1.c4 c6 2.d4 d6 3.Nc3 a6 4.e4 Nd7 5.Nf3 e5 6.Be2 Ne7 7.Be3 Ng6 8.d5 c5 9.g3 Be7
10.h4 h6 11.Qd2 Ngf8 12.a3 Nh7 13.Nh2 Nhf6 14.Rb1 Qa5 15.O-O Qc7 16.f4 Nf8
17.f5 N8d7 18.g4 Qd8 19.Kg2 Nh7 20.Nf3 Ndf6 21.Nh2 Ng8 22.Rh1 Bxh4 23.Nf3 Bf6
24.b4 b6 25.a4 Nf8 26.g5 Be7 27.a5 cxb4 28.Rxb4 bxa5 29.Rb2 Nd7 30.f6 gxf6
31.gxh6 f5 32.exf5 Ngf6 33.Ng5 Rb8 34.Rxb8 Nxb8 35.Qc2 Nxd5 36.Nxd5 Bxg5
37.Qd2 Bxe3 38.Qxe3 Bxf5 39.Kf1 Nd7 40.Bd1 Nc5 41.Bf3 Bd3+ 42.Ke1 Bxc4 43.h7 Qb8
44.Nf6+ Kd8 45.Rg1 Nd3+ 46.Kf1 Nf4+ 47.Kf2 Nh3+ 48.Kg3 Nxg1 49.Qg5 Nxf3 50.Qg7 Rxh7
51.Nxh7 Nd4  0-1

[Event "Hessenliga 9899"]
[Site "GER"]
[Date "1998.??.??"]
[Round "?"]
[White "Reus, Rudolf"]
[Black "Luechtemeier, Peter"]
[Result "0-1"]
[WhiteElo "2320"]
[BlackElo "2200"]

1.c4 c6 2.d4 d5 3.e3 Nf6 4.Nf3 e6 5.Be2 Nbd7 6.O-O Bd6 7.Nc3 O-O 8.Rb1 dxc4
9.Bxc4 e5 10.dxe5 Nxe5 11.Nxe5 Bxe5 12.f4 Bd6 13.Qc2 Qe7 14.e4 Ng4 15.e5 Bc5+
16.Kh1 Nxh2 17.Ne4 Bf5 18.Re1 Nf3 19.gxf3 Qh4+ 20.Qh2 Qxe1+ 21.Kg2 Bxe4  0-1

[Event "NRW-Liga II 9899"]
[Site "GER"]
[Date "1998.??.??"]
[Round "4"]
[White "Reinartz, Georg"]
[Black "Woerdemann, Martin"]
[Result "1-0"]
[WhiteElo "2300"]
[BlackElo "2295"]

1.c4 c6 2.Nf3 d5 3.b3 Bg4 4.Bb2 Nd7 5.g3 Ngf6 6.Bg2 e6 7.O-O Bd6 8.d3 O-O
9.Nbd2 Qe7 10.h3 Bxf3 11.Nxf3 Ba3 12.Qc1 Bxb2 13.Qxb2 a5 14.Rac1 Qb4 15.a3 Qb6
16.Rc2 Rfd8 17.Rfc1 h6 18.cxd5 exd5 19.Nh4 Qc7 20.b4 axb4 21.axb4 Qe5 22.Qxe5 Nxe5
23.f4 Ned7 24.Nf5 Kf8 25.b5 cxb5 26.Rb2 b6 27.Rxb5 Ra5 28.Rb2 Rc5 29.Ra1 Ra5
30.Rab1 Re8 31.Bf3 h5 32.Kf2 g6 33.Ne3 Rc5 34.Rb5 d4 35.Nc4 Rxb5 36.Rxb5 Re6
37.g4 hxg4 38.hxg4 Kg7 39.g5 Nh5 40.f5 Re8 41.f6+ Nhxf6 42.gxf6+ Kxf6 43.Bc6 Re7
44.Bxd7 Rxd7 45.Nxb6 Rd8 46.Nc4 Rh8 47.Re5 g5 48.Re4 Rd8 49.Nd2  1-0

[Event "BL2-S9798"]
[Site "Germany"]
[Date "1998.??.??"]
[Round "?.2"]
[White "Ivanov, Mikhail M"]
[Black "Rausis, Igors"]
[Result "1/2-1/2"]
[WhiteElo "2445"]
[BlackElo "2490"]

1.c4 c6 2.d4 d5 3.e3 Bf5 4.Nc3 e6 5.Nf3 Nf6 6.Bd3 Bxd3 7.Qxd3 Nbd7 8.O-O Bd6
9.e4 dxe4 10.Nxe4 Nxe4 11.Qxe4 O-O 12.Bg5 Be7 13.Bf4 Re8 14.Rfd1 a5 15.Rac1 a4
16.h3 Qa5 17.Qc2 h6 18.c5 Red8 19.Nd2 b5 20.Ne4 Nf6 21.Bd6 Bxd6 22.Nxf6+ gxf6
23.cxd6 Rxd6 24.Qe4 Qd8 25.Rxc6 Rxc6 26.Qxc6 Qd5 27.Qxd5 exd5 28.Rc1 a3 29.bxa3 Rxa3
30.Rc8+ Kg7 31.Rc5 b4 32.Rxd5 Rxa2 33.Rb5 Ra1+ 34.Kh2 Rb1 35.g4 b3 36.d5 f5
37.gxf5 Rd1 38.Rxb3 Rxd5 39.Rf3 Kf6 40.Kg3 Rxf5 41.Ra3  1/2-1/2

[Event "Oberliga Ost B9798"]
[Site "Germany"]
[Date "1998.??.??"]
[Round "?.8"]
[White "Wolff, Patrick G"]
[Black "Eilers, Stefan"]
[Result "0-1"]
[WhiteElo "2575"]
[BlackElo "2320"]

1.c4 c6 2.d4 d5 3.cxd5 cxd5 4.Nc3 Nf6 5.Nf3 Nc6 6.Bf4 e6 7.e3 Nh5 8.Bg3 Nxg3
9.hxg3 g6 10.Bb5 Bd7 11.Rc1 Bg7 12.a3 O-O 13.Qd2 Na5 14.Qd1 Bxb5 15.Nxb5 Qb6
16.Qe2 Nc4 17.b3 Qa5+ 18.Nc3 Qxa3 19.O-O Qxb3 20.Rc2 Na3 21.Rcc1 Rac8 22.Nd2 Qb4
23.Qd3 Nc4 24.Rc2 Nb2  0-1

[Event "BL2-W9798"]
[Site "Germany"]
[Date "1998.??.??"]
[Round "?.6"]
[White "Kamp, Christoph"]
[Black "Eng, Holger"]
[Result "1-0"]
[WhiteElo "2315"]
[BlackElo "2355"]

1.c4 c6 2.e4 d5 3.exd5 cxd5 4.cxd5 Nf6 5.Qa4+ Nbd7 6.Nc3 g6 7.Nf3 Bg7 8.Qb3 O-O
9.Bc4 a6 10.a4 Nb6 11.d3 Nxc4 12.dxc4 e6 13.O-O exd5 14.cxd5 Qd6 15.Bg5 Bg4
16.Nd2 Qe5 17.Bxf6 Qxf6 18.Nc4 Rae8 19.Ne3 Bc8 20.Rad1 Re5 21.d6 Be6 22.Qxb7 Rh5
23.Qe4 Bb3 24.Rd2 Rh4 25.Ned5 Bxd5 26.Qxd5 Rd8 27.Re1 Rh5 28.Qd3 Bh6 29.Rdd1 Bf4
30.g3 Bxd6 31.Ne4 Qf5 32.Nxd6 Qh3 33.Qf3 Qxh2+ 34.Kf1 Qh3+ 35.Qg2 Qg4 36.Ne4 Qxd1
37.Rxd1 Rxd1+ 38.Ke2 Rhh1 39.Nd2 Rhe1+ 40.Kd3 Re6 41.Qa8+ Kg7 42.Qd5 h5 43.Kc2 Rde1
44.b4 Kg8 45.Qd4 Rc6+ 46.Kb3 Rce6 47.b5 axb5 48.axb5 R1e5 49.Kb4 f5 50.b6 Re8
51.Nc4 Re1 52.Nd6 R8e7 53.Ka5 Kh7 54.Ka6 Rb1 55.b7 Re2 56.Nb5 Ra2+ 57.Kb6 Rab2
58.Qd7+ Kh6 59.b8=Q  1-0

[Event "BL2-S9798"]
[Site "Germany"]
[Date "1998.??.??"]
[Round "?.3"]
[White "Stanec, Nikolaus"]
[Black "Schulze, Ulrich"]
[Result "1/2-1/2"]
[WhiteElo "2465"]
[BlackElo "2360"]

1.c4 c6 2.e4 d5 3.exd5 cxd5 4.d4 Nf6 5.Nc3 g6 6.Qb3 Bg7 7.cxd5 O-O 8.Be2 Nbd7
9.Bf3 Nb6 10.Nge2 Bg4 11.Bxg4 Nxg4 12.a4 Nf6 13.Nf4 a5 14.O-O Qd6 15.Re1 Qb4
16.Qd1 Rfd8 17.Nd3 Qc4 18.Ne5 Qc8 19.Qf3 Qf5 20.d6 Qxf3 21.Nxf3 exd6 22.Bf4 Nfd5
23.Nxd5 Nxd5 24.Bg3 Ra6 25.Re2  1/2-1/2

[Event "Bundesliga 9798"]
[Site "Germany"]
[Date "1998.??.??"]
[Round "?.8"]
[White "Bischoff, Klaus"]
[Black "Van der Wiel, John TH"]
[Result "1/2-1/2"]
[WhiteElo "2535"]
[BlackElo "2525"]

1.c4 c6 2.Nf3 d5 3.e3 Nf6 4.Nc3 e6 5.Qc2 Bd6 6.d4 Nbd7 7.Be2 O-O 8.b3 Qe7
9.O-O Re8 10.Rd1 dxc4 11.bxc4 e5 12.Rb1 exd4 13.exd4 Nf8 14.h3 Ng6 15.Bf1 Qc7
16.Bg5 Nh5 17.Re1 Rxe1 18.Rxe1 Be6 19.Bd2 Qd7 20.Qd1 Nhf4 21.Ne4 Rd8 22.Nxd6 Qxd6
23.a4 h6 24.Qa1 Qd7 25.Re3 Ne7 26.Rb3 Nfg6 27.a5 Nf5 28.Bc3 f6 29.Qb1 Rb8
30.Bb4 Nge7 31.Rb2 Nc8 32.d5 cxd5 33.cxd5 Bxd5 34.Rd2 Qe6 35.Nd4 Nxd4 36.Rxd4 b6
37.a6 b5 38.Qd1 Nb6 39.Bxb5 Bc4 40.Rd6 Qf7 41.Bd7 Nxd7 42.Rxd7 Qe6 43.Rd8+ Rxd8
44.Qxd8+ Kh7  1/2-1/2

[Event "Oberliga Ost B9798"]
[Site "Germany"]
[Date "1998.??.??"]
[Round "?.3"]
[White "Roosen, Holger"]
[Black "Balzar, Andreas"]
[Result "0-1"]
[WhiteElo "2165"]
[BlackElo "2315"]

1.c4 c6 2.Nf3 d5 3.b3 Bg4 4.Bb2 Nd7 5.e3 e5 6.Be2 Bd6 7.d3 Ngf6 8.Nc3 h6
9.Nd2 Nc5 10.f3 Bd7 11.O-O O-O 12.Kh1 Re8 13.Ba3 Qe7 14.Qc2 Rad8 15.Rab1 d4
16.exd4 exd4 17.Bxc5 dxc3 18.Bxd6 Qxe2 19.Qxc3 Bf5 20.c5 Nd5 21.Qc1 Rxd6
22.cxd6 Nf4 23.Rg1 Nxd3  0-1

[Event "Oberliga Ost B9798"]
[Site "Germany"]
[Date "1998.??.??"]
[Round "?.3"]
[White "Banas, Jan"]
[Black "Balzar, Andreas"]
[Result "1-0"]
[WhiteElo "2385"]
[BlackElo "2315"]

1.c4 c6 2.e4 d5 3.exd5 cxd5 4.d4 Nf6 5.Nc3 g6 6.cxd5 Bg7 7.Bb5+ Nbd7 8.d6 exd6
9.Qe2+ Qe7 10.Bf4 Qxe2+ 11.Bxe2 Ke7 12.Bf3 Nb6 13.Nge2 d5 14.O-O Be6 15.Rfe1 Rhd8
16.a4 Rac8 17.a5 Nc4 18.b3 Nb2 19.Bc1 Nd3 20.Ba3+ Kd7 21.Red1 Nf4 22.Na4 Nxe2+
23.Bxe2 Bf5 24.Bc5 Bh6 25.Bb5+ Kc7 26.Bxa7 Rd6 27.Bc5 Re6 28.Bb6+ Kb8 29.Nc5 Re7
30.a6 bxa6 31.Nxa6+ Kb7 32.Bc5 Re6 33.Nb4 Ra8 34.Rxa8 Kxa8 35.h3 Bf4 36.Ra1+ Kb7
37.g4 Be4 38.Ra7+ Kc8 39.Rxf7 Bf3 40.Nd3 Bc7 41.g5  1-0

[Event "Bundesliga 9798"]
[Site "Germany"]
[Date "1998.??.??"]
[Round "?.2"]
[White "Poldauf, Dirk"]
[Black "Hellsten, Johan"]
[Result "1/2-1/2"]
[WhiteElo "2455"]
[BlackElo "2495"]

1.c4 c6 2.Nf3 d5 3.Qc2 Nf6 4.g3 Bg4 5.Bg2 Nbd7 6.d3 e6 7.h3 Bxf3 8.Bxf3 g6
9.O-O Bg7 10.d4 O-O 11.Nd2 Qe7 12.b3 e5 13.e3 exd4 14.exd4 Rfe8 15.Bb2 h5
16.h4 Bh6 17.Rad1 Qd6 18.Rfe1 Ng4 19.Nb1 Ndf6 20.c5 Qd7 21.Nc3 Rxe1+ 22.Rxe1 Re8
23.Rxe8+ Qxe8 24.Qe2 Qxe2 25.Bxe2 Bg7 26.b4 Ne8 27.Nb1 Kf8 28.Nd2 Ke7 29.Nb3 Kd7
30.b5 Kc7 31.bxc6 bxc6 32.Bc1 Bh6 33.Bxg4 Bxc1 34.Bxh5 Bb2 35.Bd1 Ng7 36.g4 Ne6
37.h5 gxh5 38.gxh5 Nxd4 39.h6 Kd7 40.h7 Nxb3 41.Bxb3 Ke7 42.Ba4 Kf8 43.Bxc6 Kg7
44.Bxd5 Kxh7 45.Bxf7 Bd4 46.c6 Be5 47.Kg2 Kh6 48.Kf3 Kg5 49.Ke4 Bh2 50.Bc4 Bc7
51.Kd5 Kf6 52.Kc5 Ke7 53.f3 Bh2 54.Bd3 Bc7 55.Kb5 a5 56.Ka6 Kd8 57.Kb7 Bf4
58.Bf5 Bc7 59.a4 Bf4 60.Bg4 Bc7 61.Ka6 Ke7 62.Kb5 Bd6 63.Kc4 Bc7 64.Kd5 Kf6
65.Ke4 Kg5 66.Bh3 Bf4 67.Kd5 Kf6 68.Kc5 Bc7 69.Kb5 Ke7 70.f4 Bxf4 71.Kxa5 Bc7+
72.Kb5 Kd6 73.Bg2 Bd8 74.a5 Kc7 75.a6 Kb8 76.Kc5 Bc7 77.Kd5 Bg3 78.Ke6 Bf4
79.Kd7 Bg3  1/2-1/2

[Event "BL2-W9798"]
[Site "Germany"]
[Date "1998.??.??"]
[Round "?.4"]
[White "Kamp, Christoph"]
[Black "Fleck, Juergen"]
[Result "1/2-1/2"]
[WhiteElo "2315"]
[BlackElo "2375"]

1.c4 c6 2.e4 e5 3.Nf3 Qf6 4.Be2 Bc5 5.O-O d6 6.d3 Bg4 7.Ne1 Bxe2 8.Qxe2 Ne7
9.Nc2 Nd7 10.Nc3 O-O 11.Be3 Ng6 12.Qd2 Qe6 13.b3 Bxe3  1/2-1/2

[Event "Bundesliga 9798"]
[Site "Germany"]
[Date "1998.??.??"]
[Round "?.3"]
[White "Smejkal, Jan"]
[Black "Hellsten, Johan"]
[Result "1/2-1/2"]
[WhiteElo "2525"]
[BlackElo "2495"]

1.c4 c6 2.d4 d5 3.Nc3 Nf6 4.e3 a6 5.Bd3 b5 6.b3 Bg4 7.Nge2 e6 8.O-O Bh5 9.Qc2 Bg6
10.e4 b4 11.e5 dxc4 12.Bxg6 hxg6 13.exf6 cxb3 14.axb3 bxc3 15.fxg7 Bxg7 16.Qxc3 Qb6
17.Ba3 Nd7 18.Rac1 Rc8 19.Rfd1 Nf6 20.Ng3 Nd5 21.Qf3 Qb7 22.h3 Nf6  1/2-1/2

[Event "Bundesliga 9798"]
[Site "Germany"]
[Date "1998.??.??"]
[Round "?.3"]
[White "Smejkal, Jan"]
[Black "Keitlinghaus, Ludger"]
[Result "1/2-1/2"]
[WhiteElo "2525"]
[BlackElo "2525"]

1.c4 c6 2.Nf3 d5 3.d4 Nf6 4.Nc3 a6 5.e3 b5 6.b3 Bg4 7.Be2 e6 8.O-O Nbd7 9.h3 Bf5
10.Bb2 Qb8 11.c5 a5 12.a3 Be7 13.b4 a4 14.Ne5 Nxe5 15.dxe5 Ne4 16.Nxe4 Bxe4
17.Bd3 Bxd3 18.Qxd3 Qc7 19.f4 g6 20.Rf3 O-O-O 21.Raf1 Kb7 22.Bd4 Ka6 23.Kh1 Qd7
24.Qc3 Qe8 25.Kg1 Qd7 26.Qb2 Qe8 27.Qe2 h5 28.g3 Qg8 29.Kh2 Rd7 30.R3f2 Rd8
31.Kg2 Rd7 32.Kh2 Rd8 33.Kg2 Rd7  1/2-1/2

[Event "BL2-N9798"]
[Site "Germany"]
[Date "1998.??.??"]
[Round "4.6"]
[White "Bornemann, Wolfram"]
[Black "Wendt, Jan Dietrich"]
[Result "1-0"]
[WhiteElo "2265"]
[BlackElo "2295"]

1.c4 c6 2.e4 e5 3.Nf3 Qc7 4.Nc3 Nf6 5.d4 d6 6.Be2 Be7 7.O-O O-O 8.Re1 Re8
9.Bf1 Bg4 10.d5 Nbd7 11.h3 Bh5 12.g4 Bg6 13.Nh4 a5 14.Qf3 Nc5 15.Nf5 Bxf5
16.exf5 h6 17.Be3 Nfd7 18.Qg3 Bf6 19.Rad1 a4 20.h4 e4 21.g5 hxg5 22.hxg5 Bxc3
23.bxc3 Ne5 24.Bxc5 Nf3+ 25.Kh1 Nxe1 26.Rxe1 Qd7 27.dxc6 bxc6 28.Bxd6 Qxf5
29.Re3 Ra5 30.c5 Qd5 31.Qh4 Qf5 32.Rh3 f6 33.Bc4+  1-0

[Event "NRW-Liga 9798"]
[Site "Germany"]
[Date "1998.??.??"]
[Round "5"]
[White "Miezis, Normunds"]
[Black "Matthias, Heiner"]
[Result "0-1"]
[WhiteElo "2505"]
[BlackElo "2355"]

1.c4 c6 2.e4 e5 3.Nc3 Nf6 4.Nf3 d6 5.d4 Nbd7 6.g3 g6 7.Bg2 Bg7 8.O-O O-O
9.h3 Qb6 10.Re1 exd4 11.Na4 Qa6 12.Nxd4 Qxc4 13.b3 Qa6 14.Bf4 Ne5 15.Be3 b5
16.Nb2 c5 17.Ne2 Bb7 18.Qc2 Rfe8 19.a4 b4 20.Rac1 Ned7 21.f3 d5 22.Nf4 dxe4
23.fxe4 Bxe4 24.Nbd3 Rac8 25.Qc4 Qb7 26.Bxe4 Nxe4 27.Qd5 Qxd5 28.Nxd5 Nc3
29.N3f4 g5 30.Bf2 gxf4 31.Ne7+ Rxe7 32.Rxe7 Bf6 33.Ree1 Ne5 34.gxf4 Nd3 35.Kg2 Nxc1
36.Rxc1 c4 37.Rc2 cxb3 38.Rb2 Nd1 39.Rxb3 Rc2 40.Rxb4 Rxf2+ 41.Kg3 Rb2 42.Re4 Rb3+
43.Kg2 Ne3+ 44.Kf3 Nf5+ 45.Kg2 Bd4 46.Re8+ Kg7 47.Rd8 Rg3+ 48.Kh2 Bg1+ 49.Kh1 Bb6
50.Rd7 Nh4  0-1

[Event "BL2-O9798"]
[Site "Germany"]
[Date "1998.??.??"]
[Round "6.2"]
[White "Pribyl, Josef"]
[Black "Slobodjan, Roman"]
[Result "1-0"]
[WhiteElo "2430"]
[BlackElo "2550"]

1.c4 c6 2.e4 d5 3.exd5 cxd5 4.cxd5 Nf6 5.Nc3 g6 6.Bb5+ Nbd7 7.d6 exd6 8.d4 a6
9.Ba4 b5 10.Bb3 Bb7 11.Nf3 Qe7+ 12.Qe2 Qxe2+ 13.Kxe2 b4 14.Nd1 Bg7 15.Bf4 Ne4
16.Rc1 a5 17.Rc7 Ba6+ 18.Ke3 Nef6 19.Ng5 O-O 20.Bxd6 Bh6 21.h4 Rae8+ 22.Kf3 Be2+
23.Kg3 Bxg5 24.hxg5 Ne4+ 25.Kh2 Nxd6 26.Rxd7 Ne4 27.f4 Nd2 28.Ba4 Nf1+ 29.Kh3 Re4
30.g3 Ba6 31.Kg2 Nd2 32.Nf2 Re2 33.Bd1 Bb5 34.Bxe2 Bxd7 35.Rd1 Bc6+ 36.Kh3 Ne4
37.Nxe4 Bxe4 38.d5 Rd8 39.d6 Kf8 40.Bb5 Bc2 41.Rd2 Bf5+ 42.Kg2 Be6 43.a3 bxa3
44.bxa3 Kg7 45.Kf3 f6 46.Ke4 Kf7 47.a4 Kg7 48.Rd4 Kf7 49.Kd3 Bf5+ 50.Kc3 fxg5
51.fxg5 Rc8+ 52.Kd2 Ke6 53.d7 Rd8 54.Rh4 Rf8 55.Rxh7 Kd6 56.Ke3 Be6 57.Rg7 Bf5
58.g4 Bc2 59.Rf7 Ra8 60.Rf6+ Ke7 61.Rc6  1-0

[Event "BL2-O9798"]
[Site "Germany"]
[Date "1998.??.??"]
[Round "7.1"]
[White "Pribyl, Josef"]
[Black "Bus, Mariusz"]
[Result "1/2-1/2"]
[WhiteElo "2430"]
[BlackElo "2390"]

1.c4 c6 2.e4 e5 3.Nf3 d6 4.d4 Nd7 5.Nc3 Ngf6 6.Be2 Be7 7.O-O O-O 8.Qc2 Re8
9.Rd1 Qc7 10.h3 a6 11.Be3 b5 12.a3 Bb7 13.Rac1 Rac8 14.Qb1 Qb8 15.dxe5 Nxe5
16.Nxe5 dxe5 17.c5 a5 18.b4 a4 19.Rd2 Red8 20.Rcd1 Rxd2 21.Rxd2 Rd8 22.Qc1 Rxd2
23.Qxd2 Bc8 24.f4 Be6 25.f5 Bb3 26.g4 h6 27.Kg2 Kf8 28.h4 Ne8 29.g5 hxg5
30.hxg5 Qd8 31.Qc1 f6 32.g6 Nc7 33.Qh1 Ke8 34.Kf2 Kd7 35.Nb1 Qf8 36.Nd2 Bg8
37.Qa1 Kc8 38.Qc3 Ba2 39.Qc2 Bg8 40.Bd3 Qd8 41.Ke2 Qf8 42.Kd1 Qd8 43.Kc1 Qf8
44.Kb2 Qd8 45.Qb1 Qf8 46.Qh1 Kd7 47.Qh8 Kc8 48.Bb1 Kd7 49.Nf3 Bc4 50.Qh5 Kc8
51.Nd2 Bg8 52.Bc2 Qd8 53.Nf1 Bc4 54.Ng3 Qf8 55.Qh1 Bg8 56.Nh5 Bc4 57.Qd1 Qh8
58.Kc3 Ba2 59.Qg4 Ne8 60.Qd1 Nc7 61.Kb2 Bc4 62.Qf3 Ne8 63.Bd1 Nc7 64.Kc3 Ba2
65.Kd2 Bc4 66.Ke1 Ba2 67.Kf2 Bc4 68.Kg3 Ba2 69.Kg4 Bc4 70.Qf2 Qg8 71.Qd2 Qh8
72.Qc3 Ba2 73.Be2 Bb3 74.Qd2 Ne8 75.Qe1 Bf8 76.Bc1 Be7 77.Qd2 Bf8 78.Bb2 Nc7
79.Qe1 Qh6 80.Bc1 Qh8 81.Qh4 Ne8 82.Ng3  1/2-1/2

[Event "NRW-Liga 9798"]
[Site "Germany"]
[Date "1998.??.??"]
[Round "8.1"]
[White "Adamski, Jan"]
[Black "Kreutzkamp, Reinhold"]
[Result "1/2-1/2"]
[WhiteElo "2345"]
[BlackElo "2265"]

1.c4 c6 2.Nc3 d5 3.e3 Nf6 4.d4 g6 5.Nf3 Bg7 6.Be2 O-O 7.O-O a6 8.Bd2 dxc4
9.Bxc4 b5 10.Bb3 Bb7 11.e4 c5 12.e5 Nfd7 13.Bf4 cxd4  1/2-1/2

[Event "Haarlem AKN op"]
[Site "Haarlem"]
[Date "1998.??.??"]
[Round "3"]
[White "Straat, Evert Jan"]
[Black "Rausis, Igors"]
[Result "0-1"]
[WhiteElo "2210"]
[BlackElo "2520"]

1.c4 c6 2.e4 d5 3.exd5 cxd5 4.d4 Nf6 5.Nc3 e6 6.Nf3 Bb4 7.Bd3 dxc4 8.Bxc4 O-O
9.O-O b6 10.a3 Bxc3 11.bxc3 Bb7 12.Bg5 Nbd7 13.Bd3 Qc7 14.c4 h6 15.Bxf6 Nxf6
16.h3 Rad8 17.Re1 Bxf3 18.Qxf3 Rxd4 19.Re3 Rfd8 20.g3 Nd7 21.Re4 Ne5 22.Qf4 Rxd3
23.Qxe5 Qxe5 24.Rxe5 Rc3 25.a4 Rxc4 26.a5 Rc5  0-1

[Event "Haarlem AKN op"]
[Site "Haarlem"]
[Date "1998.??.??"]
[Round "4"]
[White "Miezis, Normunds"]
[Black "Khenkin, Igor"]
[Result "1-0"]
[WhiteElo "2505"]
[BlackElo "2565"]

1.c4 c6 2.e4 d5 3.cxd5 cxd5 4.exd5 Nf6 5.Bb5+ Nbd7 6.Nc3 a6 7.Qa4 Rb8 8.Bxd7+ Bxd7
9.Qb3 b5 10.Nf3 b4 11.Nd1 Qa5 12.Ne3 Ba4 13.Qc4 Rd8 14.Nd4 Nxd5 15.b3 Bb5
16.Nxb5 Qxb5 17.a3 e6 18.axb4 Nxb4 19.O-O Qxc4 20.bxc4 Bc5 21.Bb2 Rxd2 22.Bxg7 Rg8
23.Bc3 Rd3 24.Bxb4 Bxb4 25.Rxa6 Ke7 26.g3 Rc8 27.Ra7+ Rd7 28.Rxd7+ Kxd7 29.Rd1+ Ke7
30.Rd4 Bc5 31.Rh4 h5 32.Kf1 Bxe3 33.fxe3 f5 34.Ke2 Kf6 35.e4 Kg5 36.exf5 exf5
37.Rd4 Kf6 38.Kd3 Ke5 39.Rh4 Rh8 40.Kc3 Ke6 41.Kd4 Rd8+ 42.Kc5 Rc8+ 43.Kb5 Rb8+
44.Kc6 Rb4 45.Kc5 Rb8 46.Rxh5 Rc8+ 47.Kd4 Rd8+ 48.Ke3 Rc8 49.Rh4 Ke5 50.Rd4 Rc7
51.Rd5+ Ke6 52.Kd4 Rh7 53.Re5+ Kd6 54.Rxf5 Rxh2 55.Rf6+ Ke7 56.Rg6 Kf7 57.Rg4 Rh5
58.c5 Ke6 59.Kc4 Kd7 60.Kb5 Rh1 61.Rg7+ Kc8 62.g4 Rh6 63.g5 Re6 64.Kc4 Re1
65.Kd5 Kd8 66.Kd6  1-0

[Event "Hessenliga9798"]
[Site "Hessen"]
[Date "1998.??.??"]
[Round "?.5"]
[White "Wilhelm, Jochen"]
[Black "Kribben, Johannes"]
[Result "1-0"]
[WhiteElo "2225"]
[BlackElo "2230"]

1.c4 c6 2.b3 d5 3.Bb2 Bf5 4.Nf3 e6 5.e3 Nf6 6.cxd5 exd5 7.Be2 Be7 8.O-O O-O
9.d3 Nbd7 10.Nh4 Be6 11.Nd2 a5 12.a3 Ne8 13.Nhf3 Bf6 14.Qc2 Bg4 15.b4 Nd6
16.Nb3 Bxb2 17.Qxb2 Qb6 18.Qc3 Nb5 19.Qd2 axb4 20.axb4 Nc7 21.Nbd4 Rxa1 22.Rxa1 Ra8
23.Rxa8+ Nxa8 24.h3 Bh5 25.Qc3 Nc7 26.Nf5 f6 27.e4 Bxf3 28.Bxf3 Ne5 29.Be2 Nb5
30.Qa1 Qa7 31.Qxa7 Nxa7 32.exd5 cxd5 33.Ne7+ Kf7 34.Nxd5 Nac6 35.f4 Nd7 36.Kf2 g6
37.Ke3 Ke6 38.Bf3 h6 39.b5 Nd8 40.Kd4 Kd6 41.g3 Ne6+ 42.Kc4 h5 43.Be4 g5
44.h4 gxh4 45.gxh4 Ng7 46.Ne3 Nb6+ 47.Kb4 Ne6 48.Bxb7 Nxf4 49.Be4 Ke5 50.Kc5 Na4+
51.Kc6 Kd4 52.Nf5+ Kc3 53.Ng3 Nxd3 54.Nxh5 f5 55.Bxd3 Kxd3 56.Nf4+ Ke4 57.h5 Ke5
58.h6  1-0

[Event "Hessenliga9798"]
[Site "Hessen"]
[Date "1998.??.??"]
[Round "?.1"]
[White "Degenhardt, Horst"]
[Black "Luechtemeier, Peter"]
[Result "1-0"]
[WhiteElo "2335"]
[BlackElo "2135"]

1.c4 c6 2.Qa4 g6 3.Nf3 Bg7 4.d4 Nf6 5.Nc3 O-O 6.e4 d5 7.e5 Ne4 8.cxd5 Nxc3
9.bxc3 cxd5 10.Bd3 Nc6 11.Rb1 Na5 12.h4 Bf5 13.Bxf5 gxf5 14.Rh3 Qc7 15.Qc2 e6
16.Rg3 Kh8 17.Ng5 Qe7 18.Qe2 f6 19.exf6 Rxf6 20.Qh5 h6 21.Nf3 Nc4 22.Bg5 b6
23.Bxf6 Qxf6 24.Qg6 Qe7 25.Kf1 Rg8 26.Re1 Re8 27.Rxe6  1-0

[Event "Hlohovec op"]
[Site "Hlohovec"]
[Date "1998.??.??"]
[Round "5"]
[White "Tibensky, Robert"]
[Black "Kolesar, Milan"]
[Result "1-0"]
[WhiteElo "2435"]
[BlackElo "2225"]

1.c4 c6 2.Nf3 Nf6 3.b3 d5 4.e3 Bf5 5.Be2 e6 6.O-O h6 7.Bb2 Nbd7 8.d3 Be7
9.Re1 O-O 10.Bf1 a5 11.Nc3 Bh7 12.Rc1 Re8 13.Qe2 Bf8 14.Red1 Qb8 15.h3 Nc5
16.Nb1 a4 17.b4 Ncd7 18.a3 e5 19.cxd5 Nxd5 20.Nc3 N7b6 21.Na2 e4 22.dxe4 Bxe4
23.Nd2 Bg6 24.Qf3 Be7 25.Nc4 Nxc4 26.Bxc4 Bf6 27.Bd4 Bxd4 28.Rxd4 Nf6 29.Nc3 Rd8
30.Rcd1 Rxd4 31.Rxd4 Bh5 32.Qf5 Qc7 33.g4  1-0

[Event "HUN-chT29899"]
[Site "HUN"]
[Date "1998.??.??"]
[Round "?"]
[White "Kahan, Robert"]
[Black "Ondok, Laszlo"]
[Result "0-1"]
[WhiteElo "2190"]
[BlackElo "2235"]

1.c4 c6 2.g3 d5 3.Bg2 Nf6 4.cxd5 cxd5 5.Nf3 Nc6 6.d4 e6 7.O-O Be7 8.a3 O-O
9.b4 Bd7 10.Bb2 b5 11.Ne5 a5 12.Nxc6 Bxc6 13.bxa5 Rxa5 14.Qc2 Qa8 15.Rc1 Bd7
16.Nd2 Bxa3 17.Nb3 Ra4 18.Bxa3 Rxa3 19.Rxa3 Qxa3 20.Ra1 Qb4 21.e3 g6 22.Nc5 Rc8
23.Rb1 Qa5 24.Qb2 Be8 25.Bf1 Rb8 26.Ra1 Qb6 27.Ra6 Qd8 28.Nd3 Ne4 29.Qb4 Qc8
30.Ra2 Qc7 31.f3 Nd6 32.Nc5 Qd8 33.e4 dxe4 34.fxe4 Bc6 35.Ra6 Rc8 36.Bg2 Nc4
37.Qc3 Qc7 38.Bf1 Nd6 39.e5 Nf5 40.Qa1 Qd8 41.Nb3  0-1